[Event "Gibtelecom Masters 8th"]
[Site "Gibraltar"]
[Date "2010.01.31"]
[Round "6.57"]
[White "Montero Melendez, Rafael"]
[Black "Lombart, Philippe"]
[Result "1/2-1/2"]
[WhiteElo "2248"]
[BlackElo "1996"]
[PlyCount "110"]
[EventDate "2010.01.26"]
[EventType "swiss"]
[EventRounds "10"]
[EventCountry "GGB"]
[SourceDate "2005.02.07"]

1. d4 d5 2. c4 e6 3. Nc3 Bb4 4. a3 Bxc3+ 5. bxc3 dxc4 6. e3 Nf6 7. Bxc4 O-O 8Nf3 a6 9. Bd3 b5 10. e4 h6 11. O-O Bb7 12. Re1 Nbd7 13. e5 Nd5 14. Bc2 f5 15exf6 Qxf6 16. Qd3 Qf5 17. Qxf5 exf5 18. Nh4 Rae8 19. Bd2 f4 20. Ng6 Rxe1+ 21Rxe1 Rf6 22. Be4 N7b6 23. Nxf4 Nxf4 24. Bxb7 Nd3 25. Re3 Nxf2 26. Rf3 Rxf3 27gxf3 Nd1 28. Bxa6 Nc4 29. Bf4 Nxc3 30. Bxc7 Nxa3 31. Kf2 Nd5 32. Bd6 Nc4 33Bc5 Nc7 34. Bb7 Na5 35. Be4 Na6 36. Bd5+ Kh7 37. Ke3 Kg6 38. Kd3 Kf6 39. Bd6 b4
40. h4 g6 41. Kd2 Kf5 42. Kc2 g5 43. h5 g4 44. Be4+ Kg5 45. Bd3 Nc6 46. f4+
Kxh5 47. Bxa6 Nxd4+ 48. Kb2 g3 49. Bb7 Kg4 50. Bxb4 h5 51. Kc3 Ne2+ 52. Kd2
Nxf4 53. Ke3 g2 54. Kf2 Nd3+ 55. Kxg2 Nxb4 1/2-1/2

[Event "Gibtelecom Masters 8th"]
[Site "Gibraltar"]
[Date "2010.01.31"]
[Round "6.58"]
[White "Ortega Valle, Jose Ramon"]
[Black "Nuri, Kambez"]
[Result "1/2-1/2"]
[WhiteElo "2054"]
[BlackElo "2235"]
[PlyCount "110"]
[EventDate "2010.01.26"]
[EventType "swiss"]
[EventRounds "10"]
[EventCountry "GGB"]
[SourceDate "2005.02.07"]

1. e4 d6 2. d4 Nf6 3. Nc3 e5 4. Nf3 Nbd7 5. Bc4 Be7 6. O-O O-O 7. a4 c6 8. Qe2
b6 9. Rd1 Qc7 10. Bg5 Bb7 11. dxe5 dxe5 12. Nh4 Nc5 13. Nf5 Ne6 14. Bxe6 fxe6
15. Qc4 Bc5 16. Qxe6+ Kh8 17. Bxf6 Rxf6 18. Qd7 Qxd7 19. Rxd7 Ba6 20. Rad1 Raf8
21. g4 Rg6 22. h3 h5 23. Rd8 Rxd8 24. Rxd8+ Kh7 25. Nh4 Rf6 26. Nf5 hxg4 27hxg4 Rg6 28. Ne3 Bxe3 29. fxe3 Rxg4+ 30. Kf2 Bc4 31. b3 Bg8 32. Ra8 Rh4 33. Kg3
Rh1 34. Ne2 Ra1 35. Re8 Ra2 36. Rxe5 Rxc2 37. Nd4 Rc3 38. Re7 Bxb3 39. Nf5 Bxa4
40. Rxg7+ Kh8 41. Rxa7 Bc2 42. Kf4 Rc4 43. Nd6 Ra4 44. Rc7 c5 45. Kg5 Ra1 46e5 Re1 47. e6 Rxe3 48. e7 Ba4 49. Kf6 Re1 50. Nf5 Rf1 51. Rb7 Rb1 52. Ra7 Bc6
53. Ra2 Rf1 54. Rh2+ Kg8 55. Rg2+ Kh8 1/2-1/2

[Event "Gibtelecom Masters 8th"]
[Site "Gibraltar"]
[Date "2010.01.31"]
[Round "6.59"]
[White "Rioseco Pinochet, Fernan"]
[Black "Carame Gonzalez, Francisco"]
[Result "0-1"]
[WhiteElo "2226"]
[BlackElo "1977"]
[PlyCount "56"]
[EventDate "2010.01.26"]
[EventType "swiss"]
[EventRounds "10"]
[EventCountry "GGB"]
[SourceDate "2005.02.07"]

1. e4 c5 2. Nf3 d6 3. d4 cxd4 4. Qxd4 Nc6 5. Bb5 Bd7 6. Bxc6 Bxc6 7. Nc3 Nf6 8Bg5 e6 9. O-O-O Be7 10. Qd3 O-O 11. Nd4 Qa5 12. h4 Rfe8 13. f3 Rac8 14. Bd2 Nd7
15. Kb1 Qc7 16. f4 a6 17. h5 b5 18. f5 Nc5 19. Qg3 Bf6 20. Bg5 Be5 21. Qg4 b4
22. f6 bxc3 23. Nxc6 Qxc6 24. Bh6 Bxf6 25. Bxg7 Qxe4 26. Qg3 Bxg7 27. Rhe1 Qb4
28. b3 Qa3 0-1

[Event "Gibtelecom Masters 8th"]
[Site "Gibraltar"]
[Date "2010.01.31"]
[Round "6.60"]
[White "Compton, Alistair"]
[Black "Arvola, Benjamin"]
[Result "0-1"]
[WhiteElo "2066"]
[BlackElo "2218"]
[PlyCount "114"]
[EventDate "2010.01.26"]
[EventType "swiss"]
[EventRounds "10"]
[EventCountry "GGB"]
[SourceDate "2005.02.07"]

1. e4 c5 2. c3 Nf6 3. e5 Nd5 4. d4 cxd4 5. Nf3 e6 6. cxd4 d6 7. Bc4 Nb6 8. Bb3
Nc6 9. O-O Be7 10. Nc3 d5 11. Re1 Bd7 12. a3 Rc8 13. Qd3 Na5 14. Bc2 h6 15. b3
a6 16. Bd2 Na8 17. Rec1 b5 18. Ne2 Nc6 19. Nf4 Nc7 20. Nh5 Kf8 21. g3 a5 22. h4
Ne8 23. Nf4 Qb6 24. Kg2 Nd8 25. h5 Nc6 26. Be3 Nc7 27. Rh1 Ke8 28. g4 Kd8 29Ne2 Na6 30. Rhc1 Kc7 31. Nc3 Na7 32. Bd1 Kb7 33. Be2 Rc7 34. g5 hxg5 35. Nxg5
f6 36. Nh3 fxe5 37. dxe5 Bc5 38. Bf3 Bxe3 39. fxe3 Nc5 40. Qd1 Rhc8 41. Ne2 Nc6
42. b4 Na4 43. Nd4 Nxe5 44. bxa5 Qxa5 45. Rxc7+ Rxc7 46. Nf4 Nc4 47. Qd3 Nc5
48. Qe2 Qc3 49. Re1 Kb6 50. Bxd5 Nxa3 51. Bxe6 Bxe6 52. Ndxe6 Rd7 53. Rd1 Nxe6
54. Nd5+ Rxd5 55. Rxd5 Nc4 56. Rd3 Qe5 57. Qf3 Nc5 0-1

[Event "Gibtelecom Masters 8th"]
[Site "Gibraltar"]
[Date "2010.01.31"]
[Round "6.61"]
[White "Tscharotschkin, Michael"]
[Black "Skage, Oystein Aagedal"]
[Result "1-0"]
[WhiteElo "2211"]
[BlackElo "1935"]
[PlyCount "45"]
[EventDate "2010.01.26"]
[EventType "swiss"]
[EventRounds "10"]
[EventCountry "GGB"]
[SourceDate "2005.02.07"]

1. e4 c5 2. c3 Nf6 3. e5 Nd5 4. d4 cxd4 5. Nf3 e6 6. cxd4 b6 7. Nc3 Nxc3 8bxc3 Qc7 9. Bd2 Bb7 10. Bd3 d6 11. O-O Nd7 12. Ng5 dxe5 13. Qh5 Nf6 14. Bb5+
Kd8 15. Qxf7 Bd5 16. dxe5 Qxe5 17. Rfe1 Qf5 18. Rxe6 Bc5 19. Be3 Rf8 20. Bxc5
Rxf7 21. Nxf7+ Kc7 22. Re7+ Nd7 23. Bd6+ 1-0

[Event "Gibtelecom Masters 8th"]
[Site "Gibraltar"]
[Date "2010.01.31"]
[Round "6.62"]
[White "Seitz, Benjamin"]
[Black "Martsynovskaya, Marina"]
[Result "1-0"]
[WhiteElo "2017"]
[BlackElo "2184"]
[PlyCount "81"]
[EventDate "2010.01.26"]
[EventType "swiss"]
[EventRounds "10"]
[EventCountry "GGB"]
[SourceDate "2005.02.07"]

1. d4 Nf6 2. Nf3 e6 3. e3 b6 4. Bd3 Bb7 5. Nbd2 c5 6. c3 Be7 7. O-O O-O 8. a3
d6 9. e4 Nc6 10. b4 Qc7 11. Qe2 Rfe8 12. Bb2 Rad8 13. b5 Nb8 14. a4 Nbd7 15Rfe1 Nf8 16. c4 Ng6 17. g3 e5 18. dxe5 dxe5 19. Nb1 Qd6 20. Bc2 Bc8 21. Nc3 Bg4
22. Qe3 h6 23. Rad1 Qe6 24. Rxd8 Bxd8 25. Nd5 Nh7 26. Nd2 Ngf8 27. Kh1 Bh5 28f4 f6 29. f5 Qc8 30. h3 Bf7 31. g4 h5 32. Qg3 Kh8 33. Nf3 g5 34. fxg6 Bxg6 35gxh5 Bxh5 36. Nxe5 Ne6 37. Ng6+ Bxg6 38. Qxg6 Neg5 39. Qxe8+ Kg7 40. Nf4 Nxh3
41. Qe6 1-0

[Event "Gibtelecom Masters 8th"]
[Site "Gibraltar"]
[Date "2010.01.31"]
[Round "6.63"]
[White "Lasinskas, Povilas"]
[Black "Hughes, Roy"]
[Result "1-0"]
[WhiteElo "2174"]
[BlackElo "1976"]
[PlyCount "81"]
[EventDate "2010.01.26"]
[EventType "swiss"]
[EventRounds "10"]
[EventCountry "GGB"]
[SourceDate "2005.02.07"]

1. d4 Nf6 2. c4 e6 3. Nc3 Bb4 4. Qc2 O-O 5. Bg5 d5 6. e3 c6 7. Nf3 h6 8. Bh4
Nbd7 9. Bd3 Re8 10. O-O a6 11. Ne5 Be7 12. f4 Nf8 13. c5 N6d7 14. Bg3 f5 15. b4
Nxe5 16. fxe5 Bd7 17. a4 Nh7 18. b5 Qc7 19. Qe2 axb5 20. axb5 b6 21. cxb6 Qxb6
22. Na4 Rxa4 23. Rxa4 cxb5 24. Rb1 b4 25. Ra2 Ng5 26. Rab2 Ne4 27. Be1 Rb8 28Bxe4 fxe4 29. Bxb4 Bxb4 30. Rxb4 Qxb4 31. Rxb4 Rxb4 32. Qa6 Rc4 33. Qa8+ Bc8
34. Qa7 Rc2 35. Qe7 Kh7 36. h4 Rc6 37. Qe8 Rc7 38. g4 g6 39. Qd8 Rc2 40. Qe7+
Kg8 41. Qf6 1-0

[Event "Gibtelecom Masters 8th"]
[Site "Gibraltar"]
[Date "2010.01.31"]
[Round "6.64"]
[White "Frey, Matthias"]
[Black "Byrn, Carsten"]
[Result "1/2-1/2"]
[WhiteElo "1907"]
[BlackElo "2171"]
[PlyCount "58"]
[EventDate "2010.01.26"]
[EventType "swiss"]
[EventRounds "10"]
[EventCountry "GGB"]
[SourceDate "2005.02.07"]

1. e4 c5 2. Nf3 e6 3. d4 cxd4 4. Nxd4 Nf6 5. Nc3 Nc6 6. Ndb5 d6 7. Bf4 e5 8Bg5 a6 9. Na3 b5 10. Nd5 Be7 11. Bxf6 Bxf6 12. c3 O-O 13. Be2 Bg5 14. O-O Ne7
15. Nc2 Nxd5 16. Qxd5 Be6 17. Qd3 Qb6 18. Nb4 Rfc8 19. Nd5 Qb7 20. Rfd1 Rc5 21Qg3 Bxd5 22. Qxg5 h6 23. Qe3 Bxe4 24. Rxd6 Rac8 25. Rad1 R5c7 26. Rd8+ Rxd8 27Rxd8+ Kh7 28. Bd3 Bxd3 29. Qxd3+ e4 1/2-1/2

[Event "Gibtelecom Masters 8th"]
[Site "Gibraltar"]
[Date "2010.01.31"]
[Round "6.66"]
[White "Flores Chico, Jorge"]
[Black "Dworakowska, Joanna"]
[Result "0-1"]
[WhiteElo "2052"]
[BlackElo "2374"]
[PlyCount "44"]
[EventDate "2010.01.26"]
[EventType "swiss"]
[EventRounds "10"]
[EventCountry "GGB"]
[SourceDate "2005.02.07"]

1. e4 c5 2. Nf3 d6 3. d4 cxd4 4. Nxd4 Nf6 5. Nc3 Nc6 6. Bg5 e6 7. f4 h6 8. Bh4
Be7 9. Bf2 a6 10. Qf3 Qc7 11. Nb3 b5 12. Bd3 Bb7 13. Qg3 g5 14. fxg5 hxg5 15O-O-O Ne5 16. Rhe1 b4 17. Nb1 Nh5 18. Qe3 Nf4 19. Bf1 Rc8 20. Rd2 Rxh2 21. Bg3
Rxg2 22. Bxg2 Ned3+ 0-1

[Event "Gibtelecom Masters 8th"]
[Site "Gibraltar"]
[Date "2010.01.31"]
[Round "6.67"]
[White "Overeem, Marc"]
[Black "Haraldsson, Leif"]
[Result "0-1"]
[WhiteElo "2245"]
[BlackElo "2050"]
[PlyCount "86"]
[EventDate "2010.01.26"]
[EventType "swiss"]
[EventRounds "10"]
[EventCountry "GGB"]
[SourceDate "2005.02.07"]

1. c4 f5 2. g3 Nf6 3. Bg2 g6 4. d4 Bg7 5. Nf3 d6 6. O-O O-O 7. Nc3 c6 8. b3 Qc7
9. Ba3 Re8 10. Rc1 Bd7 11. Re1 Na6 12. b4 Rad8 13. Qb3 e6 14. b5 Nb8 15. e4
fxe4 16. Nxe4 Nxe4 17. Rxe4 cxb5 18. cxb5 Qb6 19. Bh3 d5 20. Bc5 Qa5 21. Ree1
b6 22. Ba3 Rc8 23. Bd6 Rxc1 24. Rxc1 Qxb5 25. Qxb5 Bxb5 26. Bxb8 Rxb8 27. Bxe6+
Kh8 28. Rc7 Be2 29. Ng5 h6 30. Nf7+ Kh7 31. Ne5 a6 32. Bxd5 Rd8 33. Bf3 Bb5 34Be4 Rd6 35. f4 Be8 36. d5 h5 37. Re7 Bb5 38. f5 Kg8 39. fxg6 Bf6 40. Nc6 Bxc6
41. Ra7 Bxd5 42. Bxd5+ Rxd5 43. Rxa6 Ra5 0-1

[Event "Gibtelecom Masters 8th"]
[Site "Gibraltar"]
[Date "2010.01.31"]
[Round "6.68"]
[White "Pettersen, Joar Gullestad"]
[Black "Nadig, Kruttika"]
[Result "1/2-1/2"]
[WhiteElo "2020"]
[BlackElo "2240"]
[PlyCount "92"]
[EventDate "2010.01.26"]
[EventType "swiss"]
[EventRounds "10"]
[EventCountry "GGB"]
[SourceDate "2005.02.07"]

1. e4 c5 2. Nf3 d6 3. d4 cxd4 4. Nxd4 Nf6 5. Nc3 a6 6. h3 e6 7. g4 b5 8. Bg2
Bb7 9. O-O b4 10. Nd5 exd5 11. exd5 Be7 12. Nc6 Bxc6 13. dxc6 Ra7 14. Be3 Rc7
15. g5 Ng8 16. Re1 Rc8 17. Qe2 Kf8 18. h4 h6 19. g6 Bf6 20. Qc4 fxg6 21. Rad1
Qc7 22. Bf4 Be5 23. Bxe5 dxe5 24. Qe6 Nf6 25. Rd3 Re8 26. Qc4 a5 27. Red1 Qf7
28. Bd5 Nxd5 29. Rxd5 Nxc6 30. Qxc6 Kg8 31. Rd7 Qf5 32. Qc7 Qf8 33. R1d6 Kh7
34. Rf7 Rc8 35. Qb7 Rb8 36. Qa7 Ra8 37. Qc7 Rc8 38. Qb7 Rb8 39. Qd5 Qe8 40Rdd7 Rg8 41. Rfe7 Qf8 42. Rf7 Qe8 43. Rfe7 Qf8 44. Qxa5 Qf6 45. Qxe5 Qxe5 46Rxe5 Rbc8 1/2-1/2

[Event "Gibtelecom Masters 8th"]
[Site "Gibraltar"]
[Date "2010.01.31"]
[Round "6.69"]
[White "Lacrosse, Marc"]
[Black "Hamer, Martyn"]
[Result "1-0"]
[WhiteElo "2220"]
[BlackElo "2039"]
[PlyCount "79"]
[EventDate "2010.01.26"]
[EventType "swiss"]
[EventRounds "10"]
[EventCountry "GGB"]
[SourceDate "2005.02.07"]

1. d4 Nf6 2. c4 e6 3. Nf3 d5 4. Bg5 Be7 5. Nc3 O-O 6. e3 h6 7. Bh4 b6 8. Be2
Bb7 9. Bxf6 Bxf6 10. cxd5 exd5 11. b4 c6 12. Qb3 a6 13. O-O Nd7 14. a4 b5 15a5 Be7 16. Ne1 Nf6 17. Nd3 Bc8 18. Rac1 Bf5 19. Ne5 Rc8 20. Bd3 Be6 21. Na2 Qe8
22. Rc2 Bd6 23. f4 Bxe5 24. fxe5 Nh7 25. Rcf2 Qe7 26. Qb1 Ng5 27. Nc3 Bd7 28Ne2 g6 29. Nf4 Ne4 30. Bxe4 dxe4 31. Ne2 h5 32. Ng3 Kg7 33. Nxe4 Bf5 34. Rxf5
gxf5 35. Nd6 Qg5 36. Rf3 h4 37. Nxf5+ Kh8 38. Rf4 Rfe8 39. Rxh4+ Kg8 40. Rg4
1-0

[Event "Gibtelecom Masters 8th"]
[Site "Gibraltar"]
[Date "2010.01.31"]
[Round "6.70"]
[White "Stanek, Stanislav"]
[Black "Weeramantry, Sunil"]
[Result "0-1"]
[WhiteElo "2007"]
[BlackElo "2201"]
[PlyCount "136"]
[EventDate "2010.01.26"]
[EventType "swiss"]
[EventRounds "10"]
[EventCountry "GGB"]
[SourceDate "2005.02.07"]

1. d4 Nf6 2. Bf4 g6 3. Nf3 Bg7 4. e3 d6 5. c3 O-O 6. Bd3 Nbd7 7. Qe2 c5 8. Nbd2
Re8 9. e4 cxd4 10. cxd4 e5 11. dxe5 dxe5 12. Be3 Nh5 13. g3 Nf8 14. Bc4 Ne6 15O-O-O a5 16. Bb5 Bd7 17. Nc4 Nd4 18. Nxd4 exd4 19. Bxd7 Qxd7 20. Kb1 Qc6 21Bc1 Rxe4 22. Qd3 b6 23. f3 Re6 24. Bd2 Qb5 25. Rhe1 Rc8 26. b3 Rec6 27. Ne5
Qxd3+ 28. Nxd3 Nf6 29. Ne5 Re6 30. Nc4 Nd5 31. Re4 a4 32. Rde1 b5 33. Rxe6 fxe6
34. Nd6 Rc6 35. Nxb5 axb3 36. Rc1 bxa2+ 37. Kxa2 Rb6 38. Rb1 Kf7 39. Ka3 Ra6+
40. Kb3 e5 41. Kc4 Ke6 42. Re1 Rc6+ 43. Kd3 Kd7 44. f4 Nc3 45. Bxc3 dxc3 46fxe5 c2 47. Rc1 Rc5 48. Na3 Rd5+ 49. Kxc2 Rxe5 50. Rd1+ Ke6 51. Nc4 Re4 52. Nd2
Re2 53. h3 Bh6 54. Kd3 Re3+ 55. Kd4 Rxg3 56. Ne4 Rxh3 57. Nc5+ Kf5 58. Rf1+ Bf4
59. Nd3 g5 60. Nxf4 gxf4 61. Ra1 Kg4 62. Ra7 h5 63. Rg7+ Kf3 64. Rf7 Rh4 65Rf8 Rg4 66. Rf5 h4 67. Rh5 Kg2 68. Ke4 f3+ 0-1

[Event "Gibtelecom Masters 8th"]
[Site "Gibraltar"]
[Date "2010.01.31"]
[Round "6.71"]
[White "Daoudi, Kamal"]
[Black "Mikalsen, Erlend"]
[Result "1-0"]
[WhiteElo "2155"]
[BlackElo "1973"]
[PlyCount "43"]
[EventDate "2010.01.26"]
[EventType "swiss"]
[EventRounds "10"]
[EventCountry "GGB"]
[SourceDate "2005.02.07"]

1. e4 c5 2. Nf3 d6 3. d4 cxd4 4. Qxd4 Nc6 5. Bb5 Bd7 6. Bxc6 Bxc6 7. Nc3 e5 8Qd3 Nf6 9. Bg5 Be7 10. O-O-O Rc8 11. Bxf6 gxf6 12. Nh4 Qa5 13. Nf5 Rd8 14. Qc4
Qc5 15. Qe2 d5 16. exd5 Bxd5 17. Qh5 Bc4 18. Ng7+ Kf8 19. Qh6 Kg8 20. Nf5 Rxd1+
21. Rxd1 Bf8 22. Rd8 1-0

[Event "Gibtelecom Masters 8th"]
[Site "Gibraltar"]
[Date "2010.01.31"]
[Round "6.72"]
[White "Marder, Simon"]
[Black "Arnott, Jonathan W"]
[Result "0-1"]
[WhiteElo "1993"]
[BlackElo "2154"]
[PlyCount "124"]
[EventDate "2010.01.26"]
[EventType "swiss"]
[EventRounds "10"]
[EventCountry "GGB"]
[SourceDate "2005.02.07"]

1. d4 e6 2. e4 d5 3. Nc3 Nf6 4. Bg5 Be7 5. Bxf6 Bxf6 6. e5 Be7 7. Qg4 g6 8O-O-O c5 9. dxc5 Nc6 10. Nf3 Qa5 11. Qf4 Bd7 12. h4 Qxc5 13. Kb1 Qxf2 14. Nb5
O-O-O 15. c4 a6 16. cxd5 axb5 17. d6 Bf8 18. Bxb5 Qb6 19. Bxc6 bxc6 20. Rd3 f6
21. Rb3 Qa5 22. Qc4 fxe5 23. Nxe5 Bxd6 24. Nxc6 Bxc6 25. Qxc6+ Bc7 26. Rc1 Rd7
27. Ra3 Qf5+ 28. Ka1 Kd8 29. Ra8+ Ke7 30. Rxh8 Qh5 31. g4 Qxh4 32. Rh1 Bh2 33Qf3 Qh6 34. a3 Qg7 35. Rb8 Bxb8 36. Qb3 Bd6 37. g5 Ra7 38. Ka2 Qf7 39. Qh3 Ke8
40. Re1 e5+ 41. Ka1 Qf5 42. Qb3 Kf8 43. Qd1 Qe6 44. Rf1+ Rf7 45. Rh1 Kg8 46Qa4 Be7 47. Rg1 e4 48. Re1 e3 49. Qb5 e2 50. Qxe2 Qxe2 51. Rxe2 Bxg5 52. b4 h5
53. b5 h4 54. Ka2 Bf4 55. a4 h3 56. Kb3 h2 57. Re1 Be3 58. Rh1 Bg1 59. a5 g5
60. b6 g4 61. a6 g3 62. a7 Rf8 0-1

[Event "Gibtelecom Masters 8th"]
[Site "Gibraltar"]
[Date "2010.01.31"]
[Round "6.73"]
[White "Nilsen, Joachim Birger"]
[Black "Obiamiwe, Paul"]
[Result "1-0"]
[WhiteElo "2152"]
[BlackElo "2046"]
[PlyCount "109"]
[EventDate "2010.01.26"]
[EventType "swiss"]
[EventRounds "10"]
[EventCountry "GGB"]
[SourceDate "2005.02.07"]

1. e4 e5 2. Nf3 Nc6 3. Bc4 Be7 4. O-O d6 5. c3 Nf6 6. d3 O-O 7. Re1 a6 8. Bb3
Na5 9. Bc2 c5 10. Nbd2 h6 11. Nf1 Re8 12. d4 Qc7 13. h3 b5 14. Ng3 Bf8 15. b3
g6 16. d5 Bd7 17. Nd2 c4 18. b4 Nb7 19. a4 bxa4 20. Bxa4 Bb5 21. Nb1 Bd7 22Na3 Rec8 23. Be3 a5 24. Bxd7 Qxd7 25. Qe2 axb4 26. cxb4 c3 27. Nc4 Qb5 28. Nb6
Rxa1 29. Rxa1 Qxe2 30. Nxe2 Rc7 31. f3 Kg7 32. Ra7 c2 33. Kf2 Be7 34. Na8 Rd7
35. Ke1 Bd8 36. Kd2 c1=Q+ 37. Nxc1 Nc5 38. Ra3 Nb7 39. Nb3 Ne8 40. b5 h5 41Ra7 f6 42. b6 Kf7 43. Nc7 Nxc7 44. Rxb7 Ke7 45. bxc7 Bxc7 46. Ra7 Bd8 47. Na5
Rxa7 48. Nc6+ Kd7 49. Bxa7 Bc7 50. Kc3 g5 51. Kb4 Kc8 52. Kb5 Kb7 53. Be3 Kc8
54. Ka6 Kd7 55. Kb7 1-0

[Event "Gibtelecom Masters 8th"]
[Site "Gibraltar"]
[Date "2010.01.31"]
[Round "6.74"]
[White "Groffen, Hans"]
[Black "Hawkins, James N H"]
[Result "1-0"]
[WhiteElo "2150"]
[BlackElo "2019"]
[PlyCount "91"]
[EventDate "2010.01.26"]
[EventType "swiss"]
[EventRounds "10"]
[EventCountry "GGB"]
[SourceDate "2005.02.07"]

1. d4 Nf6 2. c4 e6 3. Nf3 Bb4+ 4. Bd2 Qe7 5. g3 Nc6 6. Nc3 O-O 7. Bg2 Bxc3 8Bxc3 Ne4 9. Rc1 d6 10. d5 Nxc3 11. Rxc3 Nd8 12. O-O e5 13. Qc2 b6 14. b4 Nb7
15. Nd2 Bd7 16. Rc1 Rac8 17. a3 f5 18. Qb2 c5 19. dxc6 Bxc6 20. Bd5+ Kh8 21Nf1 f4 22. Nd2 Rf5 23. Ne4 Rh5 24. Qd2 g5 25. Rd1 Rh6 26. Bxc6 Rxc6 27. Qd5 Rc7
28. Rcd3 Rg6 29. Nc3 fxg3 30. hxg3 Qe6 31. Nb5 Qxd5 32. cxd5 Rc4 33. Nxa7 Rg8
34. Kg2 Ra8 35. Nb5 Rac8 36. Rh1 Kg7 37. Rb1 Rc2 38. Re1 R8c4 39. Rb3 Kg6 40e4 g4 41. Ree3 h5 42. Rbc3 Kf6 43. Rxc2 Rxc2 44. Rc3 Rxc3 45. Nxc3 Ke7 46. Na4
1-0

[Event "Gibtelecom Masters 8th"]
[Site "Gibraltar"]
[Date "2010.01.31"]
[Round "6.75"]
[White "Thingstad, Even"]
[Black "Andersen, Niels Erik"]
[Result "1-0"]
[WhiteElo "2141"]
[BlackElo "1965"]
[PlyCount "52"]
[EventDate "2010.01.26"]
[EventType "swiss"]
[EventRounds "10"]
[EventCountry "GGB"]
[SourceDate "2005.02.07"]

1. d4 Nf6 2. c4 g6 3. Nc3 Bg7 4. e4 d6 5. f4 O-O 6. Nf3 c6 7. Be2 a6 8. O-O b5
9. e5 Ne8 10. Be3 Nd7 11. Qd2 Qc7 12. b3 Bb7 13. Rae1 Rd8 14. e6 fxe6 15. Ng5
Rf6 16. Nce4 Nf8 17. Nxf6+ exf6 18. Nf3 f5 19. Qc2 Nf6 20. cxb5 axb5 21. Bxb5
Ng4 22. Bc1 e5 23. fxe5 dxe5 24. Bc4+ Kh8 25. dxe5 Qb6+ 26. Kh1 Ne3 1-0

[Event "Gibtelecom Masters 8th"]
[Site "Gibraltar"]
[Date "2010.01.31"]
[Round "6.76"]
[White "Aerni, Andi"]
[Black "Webster, Richard J"]
[Result "1-0"]
[WhiteElo "2137"]
[BlackElo "1961"]
[PlyCount "63"]
[EventDate "2010.01.26"]
[EventType "swiss"]
[EventRounds "10"]
[EventCountry "GGB"]
[SourceDate "2005.02.07"]

1. d4 Nf6 2. Bg5 Ne4 3. Bf4 c5 4. f3 Nf6 5. e4 Qb6 6. d5 Qxb2 7. Nd2 d6 8. Bd3
Qb6 9. Ne2 g6 10. Rb1 Qc7 11. g4 Nbd7 12. h4 h5 13. g5 Nh7 14. Bg3 Bg7 15. f4
O-O 16. O-O Re8 17. f5 Ne5 18. Bxe5 Bxe5 19. Nf4 Bxf4 20. Rxf4 Bd7 21. Rf1 Reb8
22. Qe2 Qa5 23. e5 c4 24. Nxc4 Qxd5 25. fxg6 fxg6 26. Bxg6 Qd4+ 27. Rf2 Qxh4
28. Bxh7+ Kxh7 29. exd6 Qxg5+ 30. Rg2 Qc5+ 31. Kh2 e6 32. Ne5 1-0

[Event "Gibtelecom Masters 8th"]
[Site "Gibraltar"]
[Date "2010.01.31"]
[Round "6.77"]
[White "Andersson, Lars"]
[Black "Boesch, Heinz"]
[Result "1-0"]
[WhiteElo "2132"]
[BlackElo "1948"]
[PlyCount "37"]
[EventDate "2010.01.26"]
[EventType "swiss"]
[EventRounds "10"]
[EventCountry "GGB"]
[SourceDate "2005.02.07"]

1. f4 e5 2. fxe5 d6 3. exd6 Bxd6 4. Nf3 Nf6 5. d4 Ng4 6. Qd3 f5 7. e4 Nc6 8. e5
O-O 9. exd6 Qxd6 10. Be2 Nb4 11. Qd1 f4 12. O-O Bf5 13. Na3 c6 14. Bc4+ Kh8 15c3 Nd5 16. Bxd5 cxd5 17. Ne5 Ne3 18. Bxe3 fxe3 19. Qe2 1-0

[Event "Gibtelecom Masters 8th"]
[Site "Gibraltar"]
[Date "2010.01.31"]
[Round "6.78"]
[White "De Andres Gonalons, Fernando"]
[Black "Pereira, Johnharry"]
[Result "1-0"]
[WhiteElo "2124"]
[BlackElo "1892"]
[PlyCount "57"]
[EventDate "2010.01.26"]
[EventType "swiss"]
[EventRounds "10"]
[EventCountry "GGB"]
[SourceDate "2005.02.07"]

1. d4 Nf6 2. c4 e6 3. Nf3 b6 4. a3 Bb7 5. Nc3 g6 6. d5 d6 7. g3 Bg7 8. Bg2 O-9. O-O a5 10. Rb1 Nbd7 11. Bg5 Nc5 12. b4 axb4 13. axb4 Na6 14. Ne4 h6 15Nxf6+ Bxf6 16. Bxh6 Re8 17. dxe6 fxe6 18. Qd3 Kh7 19. Nh4 Bxh4 20. Bxb7 Ra7 21Bc6 Rg8 22. gxh4 Kxh6 23. Qe3+ Kh7 24. Qxe6 Qxh4 25. Rb3 Qg5+ 26. Rg3 Qf5 27Rh3+ Kg7 28. Qe7+ Qf7 29. Rh7+ 1-0

[Event "Gibtelecom Masters 8th"]
[Site "Gibraltar"]
[Date "2010.01.31"]
[Round "6.79"]
[White "Mancini, Giustino"]
[Black "Doubleday, William G"]
[Result "0-1"]
[WhiteElo "1946"]
[BlackElo "2115"]
[PlyCount "54"]
[EventDate "2010.01.26"]
[EventType "swiss"]
[EventRounds "10"]
[EventCountry "GGB"]
[SourceDate "2005.02.07"]

1. d4 d5 2. Bf4 Nf6 3. e3 e6 4. Nf3 c5 5. c3 Nbd7 6. Nbd2 Be7 7. Bd3 O-O 8. Ne5
b6 9. Nc6 Qe8 10. Nxe7+ Qxe7 11. h3 Bb7 12. O-O e5 13. dxe5 Nxe5 14. Be2 Rfd8
15. Nf3 Ng6 16. Bh2 Ne4 17. a4 Ng5 18. Bg3 Ne4 19. Bh2 Nh4 20. Ne1 Ng5 21. a5
d4 22. cxd4 cxd4 23. exd4 Qe4 24. f3 Qe3+ 25. Rf2 Rxd4 26. Qc1 Rd2 27. Nc2
Nhxf3+ 0-1

[Event "Gibtelecom Masters 8th"]
[Site "Gibraltar"]
[Date "2010.01.31"]
[Round "6.80"]
[White "Flermoen, Peter"]
[Black "Bishop, Geoffrey L"]
[Result "1-0"]
[WhiteElo "2108"]
[BlackElo "1851"]
[PlyCount "65"]
[EventDate "2010.01.26"]
[EventType "swiss"]
[EventRounds "10"]
[EventCountry "GGB"]
[SourceDate "2005.02.07"]

1. e4 Nf6 2. e5 Nd5 3. d4 d6 4. Nf3 Bg4 5. exd6 cxd6 6. Bc4 e6 7. O-O Nc6 8Bxd5 exd5 9. Nc3 Bxf3 10. Qxf3 Nxd4 11. Qxd5 Ne6 12. Qxb7 Be7 13. Nd5 Nc5 14Qxa8 Qxa8 15. Nc7+ Kd7 16. Nxa8 Rxa8 17. Be3 Bf6 18. Bxc5 dxc5 19. Rad1+ Kc6
20. b3 Bd4 21. Rd2 Re8 22. Rfd1 Re7 23. Kf1 Re4 24. Rd3 a5 25. g3 Kb5 26. c3
Bf6 27. a4+ Kc6 28. Rd6+ Kc7 29. Rd7+ Kc8 30. R7d5 Kb7 31. Rxc5 Kb6 32. Rb5+
Kc6 33. Rdd5 1-0

[Event "Gibtelecom Masters 8th"]
[Site "Gibraltar"]
[Date "2010.01.31"]
[Round "6.82"]
[White "De Lillo, Michele"]
[Black "Fegan, Chris"]
[Result "0-1"]
[WhiteElo "1934"]
[BlackElo "2093"]
[PlyCount "76"]
[EventDate "2010.01.26"]
[EventType "swiss"]
[EventRounds "10"]
[EventCountry "GGB"]
[SourceDate "2005.02.07"]

1. e4 g6 2. d4 Bg7 3. Nc3 d6 4. f4 Nf6 5. Bd3 O-O 6. Nf3 Bg4 7. h3 Bxf3 8. Qxf3
Nc6 9. Be3 e5 10. Ne2 Re8 11. c3 exd4 12. cxd4 Nb4 13. Bb1 Qe7 14. e5 Nfd5 15Bd2 dxe5 16. fxe5 Rad8 17. a3 Nc6 18. O-O Nxd4 19. Nxd4 Bxe5 20. Bc3 Nxc3 21bxc3 Rf8 22. Ba2 c5 23. Ne2 c4 24. Kh1 b5 25. a4 a6 26. axb5 axb5 27. Rfb1 Rd3
28. Qe4 Rfd8 29. Nf4 Rd2 30. Re1 Re8 31. Qf3 Qf6 32. Qe3 Rdd8 33. Ne2 Rd3 34Qc5 Qh4 35. Qc6 Re6 36. Qa8+ Kg7 37. Rf1 Rxh3+ 38. gxh3 Qxh3+ 0-1